00757nam a2200205Ia 4500008004100000020002800041041001300069050002800082100001800110245011400128246002700242250001200269260003000281300002200311500005700333650010500390700001900495700001700514700002000531230520s9999 xx 000 0 und d a97896224406309622440630 achiheng aBV4501.2 b.T67712 1994 aTozer, A. W.  0a飮於能力之源b /c陶恕(A. W. Tozer), 邦兹(E. M. Bounds), 古約翰 (J. Goforth)著; 滕近輝編譯 a饮于能力之源b / a8th ed. a香港 : b宣道, c1994 a206 p. b;c21 m. aTranslation of : Drinking at the Fountain of Power. aChristian life Christian and Missionary Alliance authors.Prayer Christianity.Missions China History. aBounds, E. M.  aGoforth, J.  a陶恕滕近輝